| 000 | 01202nam a2200313 a 4500 | ||
|---|---|---|---|
| 001 | ebr10690508 | ||
| 003 | CaPaEBR | ||
| 006 | m o u | ||
| 007 | cr cn||||||||| | ||
| 008 | 150303s2013 dcu s 000 0 eng d | ||
| 020 | _z9780821398128 | ||
| 020 | _z9780821398135 (e-book) | ||
| 040 |
_aCaPaEBR _cCaPaEBR |
||
| 035 | _a(OCoLC)843336415 | ||
| 050 | 1 | 4 |
_aHD84.5 _b.L588 2013eb |
| 082 | 0 | 4 |
_a338.9 _223 |
| 245 | 0 | 4 |
_aThe little data book 2013 _h[electronic resource]. |
| 260 |
_aWashington, D.C. : _bWorld Bank, _cc2013. |
||
| 300 | _a1 online resource (239 p.) | ||
| 533 |
_aElectronic reproduction. _bPalo Alto, Calif. : _cebrary, _d2015. _nAvailable via World Wide Web. _nAccess may be limited to ebrary affiliated libraries. |
||
| 588 | _aDescription based on online resource; title from title page (ebrary, viewed May 15, 2013). | ||
| 650 | 0 |
_aEconomic development _vStatistics. |
|
| 650 | 0 | _aEconomic indicators. | |
| 650 | 0 | _aSocial indicators. | |
| 655 | 7 |
_aElectronic books. _2local |
|
| 710 | 2 | _aWorld Bank. | |
| 710 | 2 | _aebrary, Inc. | |
| 856 | 4 | 0 |
_uhttp://site.ebrary.com/lib/rucke/Doc?id=10690508 _zAn electronic book accessible through the World Wide Web; click to view |
| 999 |
_c11095 _d11095 |
||